| 000 | 00845nam a2200301 a 4500 | ||
|---|---|---|---|
| 003 | AR-BaBNM | ||
| 005 | 20251128205630.0 | ||
| 008 | 082120s2002 ||||||||||||||000 | spa|| | ||
| 020 | _a950-534-267-5 | ||
| 040 | _cAR-BaBNM | ||
| 100 | 1 | _aBialet, Graciela | |
| 245 | 0 | 0 |
_aDe boca en boca _bhistorias y leyendas de Córdoba para niños |
| 250 | _a2ª ed. | ||
| 260 |
_aBuenos Aires _bA-Z editora _c1996 |
||
| 300 |
_a83 p. _bil. |
||
| 500 | _aContiene referencias bibliográficas en p. 80 | ||
| 650 | 4 | _aLITERATURA ARGENTINA | |
| 650 | 4 | _aLITERATURA INFANTIL | |
| 650 | 4 | _aLIBROS PARA NIÑOS | |
| 650 | 4 | _aLITERATURA FOLKLORICA | |
| 650 | 4 | _aLEYENDAS | |
| 650 | 4 | _aFABULAS | |
| 650 | 4 | _aTRADICION ORAL | |
| 655 | _aLITERATURA | ||
| 700 | 1 |
_aCresta de Leguizamón, María Luisa _eprologuista |
|
| 942 | _cBK | ||
| 998 | _cMARTIN | ||
| 999 |
_c12173 _d12173 |
||